Seľskochozjajstvennaja Centrosojuza 1951

Na minha lista:
Detalhes bibliográficos
Formato: Livro
Idioma:russo
Publicado em: [Moskva] [s.n.] [1952]
Tags: Adicionar Tag
Sem tags, seja o primeiro a adicionar uma tag!

MARC

LEADER 00000nam a2200000 4500
001 0315250
005 20260304090011.1
041 0 |a rus 
044 |a RU 
245 1 0 |a Seľskochozjajstvennaja Centrosojuza 1951 
264 1 |a [Moskva]  |b [s.n.]  |c [1952]